[Event "Campionato Provinciale di Modena 2022"]
[Site "Modena ITA"]
[Date "2021.12.19"]
[Round "4.4"]
[White "Lugli, Andrea"]
[Black "Covello, Danilo"]
[Result "0-1"]
[WhiteElo "1714"]
[BlackElo "2070"]
[EventDate "2021.12.17"]
[Plycount "66"]

1. d4 Nf6 2. Nf3 g6 3. Nbd2 d5 4. b4 Bg7 5. e3 O-O 6. Bb2 a5 7. b5 Nbd7 8. c4 c5 9. cxd5 Nxd5 10. Bc4 N7b6 11. O-O Bg4 12. Be2 a4 13. a3 cxd4 14. Nxd4 Bxe2 15. Qxe2 e5 16. N4f3 Qe7 17. Rfc1 Rfc8 18. Nc4 f6 19. g3 Bf8 20. e4 Nxc4 21. Rxc4 Nb6 22. Rcc1 Bh6 23. Rd1 Rc5 24. Bc1 Bxc1 25. Qa2+ Qf7 26. Qxf7+ Kxf7 27. Raxc1 Rac8 28. Rxc5 Rxc5 29. Rd8 Rxb5 30. Nd2 Rb2 31. Rb8 Nd7 32. Ra8 Rxd2 33. Rxa4 Ke7 0-1

[Event "Campionato Provinciale di Modena 2022"]
[Site "Modena ITA"]
[Date "2021.12.19"]
[Round "4.5"]
[White "Mammi, Samuele"]
[Black "Terrone, Damiano"]
[Result "1-0"]
[WhiteElo "1923"]
[BlackElo "1648"]
[EventDate "2021.12.17"]
[Plycount "63"]

1. c4 c5 2. Nc3 Nc6 3. g3 g6 4. Bg2 Bg7 5. d3 Nf6 6. e4 d6 7. Nge2 O-O 8. O-O Bd7 9. h3 Rb8 10. Be3 a6 11. f4 b5 12. Qd2 bxc4 13. dxc4 Qc8 14. g4 Nxg4 15. hxg4 Bxg4 16. Rae1 Nd4 17. Nxd4 cxd4 18. Bxd4 Bxd4+ 19. Qxd4 Rxb2 20. Nd5 Qb7 21. e5 dxe5 22. Qxe5 Qa7+ 23. Kh1 Rb7 24. Nxe7+ Rxe7 25. Qxe7 Qxe7 26. Rxe7 Be6 27. Bd5 Bh3 28. Rb1 Bf5 29. Rbb7 Kg7 30. Rxf7+ Rxf7 31. Rxf7+ Kh6 32. c5 1-0

[Event "Campionato Provinciale di Modena 2022"]
[Site "Modena ITA"]
[Date "2021.12.19"]
[Round "4.6"]
[White "Mammi, Ottavio"]
[Black "Modena, Giorgio"]
[Result "0-1"]
[WhiteElo "1655"]
[BlackElo "1837"]
[EventDate "2021.12.17"]
[Plycount "76"]

1. c4 c5 2. g3 Nc6 3. Bg2 Nf6 4. Nc3 d6 5. d3 g6 6. Bd2 Bg7 7. Rb1 Bd7 8. a3 a5 9. Nd5 O-O 10. b4 axb4 11. Nxf6+ Bxf6 12. axb4 cxb4 13. e3 Ra7 14. d4 Qc7 15. Qc1 Rfa8 16. Ne2 Rc8 17. Nf4 e6 18. Bxb4 Nxb4 19. Rxb4 b5 20. Bf1 Qa5 21. Qc3 Qa1+ 22. Qxa1 Rxa1+ 23. Kd2 bxc4 24. Bg2 Rxh1 25. Bxh1 Bd8 26. Rb1 Ba5+ 27. Kc1 Be1 28. Kd1 Ba5 29. Kc1 d5 30. e4 dxe4 31. Bxe4 Be1 32. f3 f5 33. Bc2 Bc6 34. Nxe6 Bxf3 35. Ng5 Bd5 36. Rb5 Rd8 37. Rc5 Bf2 38. Rc7 Be3+ 0-1

[Event "Campionato Provinciale di Modena 2022"]
[Site "Modena ITA"]
[Date "2021.12.19"]
[Round "4.7"]
[White "Sacchetti, Andrea"]
[Black "Togni, Alessandro"]
[Result "1-0"]
[WhiteElo "1831"]
[BlackElo "1100"]
[EventDate "2021.12.17"]
[Plycount "79"]

1. Nf3 d5 2. c4 e6 3. g3 Nf6 4. Bg2 c5 5. O-O Be7 6. b3 O-O 7. Bb2 b6 8. e3 Bb7 9. d4 Nbd7 10. Nbd2 Re8 11. Rc1 Rc8 12. Re1 a6 13. cxd5 exd5 14. dxc5 bxc5 15. Rc2 Bd6 16. Qa1 Qe7 17. Rec1 Rc7 18. Bc3 Nf8 19. Bxf6 gxf6 20. Qc3 Ng6 21. Rd1 Ne5 22. Nh4 Qe6 23. Rcc1 Ng4 24. Qd3 Ne5 25. Qf5 Bc8 26. Qb1 Bd7 27. Nf1 Bc6 28. Nf5 Rd8 29. Nxd6 Qxd6 30. Rc2 Rb8 31. Qc1 Bb7 32. Nd2 Nd3 33. Qb1 Bc8 34. Qa1 Bf5 35. e4 Nb4 36. Rcc1 dxe4 37. Nxe4 Qe7 38. Nxf6+ Kf8 39. Nd7+ Qxd7 40. Rxd7 1-0

[Event "Campionato Provinciale di Modena 2022"]
[Site "Modena ITA"]
[Date "2021.12.19"]
[Round "4.8"]
[White "Chiesa, Giuseppe"]
[Black "Viola, Lorenzo"]
[Result "1-0"]
[WhiteElo "1650"]
[BlackElo "1776"]
[EventDate "2021.12.17"]
[Plycount "65"]

1. d4 d5 2. c4 c6 3. Nf3 e6 4. Nc3 Nf6 5. e3 Nbd7 6. Bd3 dxc4 7. Bxc4 Be7 8. O-O b5 9. Bd3 O-O 10. Qe2 a6 11. e4 c5 12. e5 c4 13. Bc2 Nd5 14. Qe4 f5 15. exf6 N7xf6 16. Qe2 Qc7 17. Ne4 Ng4 18. Ng3 h6 19. h3 Ngf6 20. Ne5 Bd6 21. Nh5 Bxe5 22. dxe5 Nxh5 23. Qxh5 Nf4 24. Bxf4 Rxf4 25. Qe8+ Rf8 26. Bh7+ Kxh7 27. Qxf8 Qxe5 28. Qf3 Ra7 29. Qe3 Qc7 30. a4 b4 31. Qe4+ g6 32. Rfc1 c3 33. Qxb4 1-0

[Event "Campionato Provinciale di Modena 2022"]
[Site "Modena ITA"]
[Date "2021.12.19"]
[Round "4.9"]
[White "Boasso, Andrea"]
[Black "Chiavetta, Matteo"]
[Result "1-0"]
[WhiteElo "1657"]
[BlackElo "1532"]
[EventDate "2021.12.17"]
[Plycount "81"]

1. e4 e6 2. d4 d5 3. Nc3 Bb4 4. Ne2 dxe4 5. a3 Be7 6. Nxe4 Nf6 7. N2g3 O-O 8. c3 b6 9. Bd3 Bb7 10. Nxf6+ Bxf6 11. O-O Nd7 12. Qc2 g6 13. Bh6 Bg7 14. Bxg7 Kxg7 15. Ne4 Rc8 16. Rad1 Qe7 17. b4 Bxe4 18. Bxe4 Nf6 19. Bc6 Qd6 20. b5 a6 21. a4 Nd5 22. Qc1 h5 23. Rfe1 Rh8 24. Re5 Ne7 25. Bf3 Nf5 26. Rde1 Rcd8 27. d5 Nh4 28. dxe6 Nxf3+ 29. gxf3 Rhe8 30. e7 Rd7 31. Qe3 Qf6 32. c4 Qd6 33. Qe4 Qd4 34. Qe2 Qf4 35. Re3 h4 36. Re4 Qg5+ 37. Rg4 Qxe7 38. Qb2+ Qf6 39. Qxf6+ Kxf6 40. Rxe8 h3 41. Re1 1-0

[Event "Campionato Provinciale di Modena 2022"]
[Site "Modena ITA"]
[Date "2021.12.19"]
[Round "4.10"]
[White "Maran, Walter"]
[Black "Cavedoni, Enrico"]
[Result "0-1"]
[WhiteElo "1614"]
[BlackElo "999"]
[EventDate "2021.12.17"]
[Plycount "50"]

1. e4 e5 2. f4 exf4 3. Bc4 Qh4+ 4. Kf1 Nc6 5. Nf3 Qe7 6. d4 d6 7. c3 g6 8. Bxf4 Bd7 9. Nbd2 Bh6 10. Bg3 O-O-O 11. b4 f5 12. Bd5 fxe4 13. Bxe4 Rf8 14. b5 Nb8 15. Bd3 Qe3 16. Nc4 Qe7 17. Qc2 Nf6 18. Re1 Qf7 19. h3 Bxb5 20. Nxd6+ cxd6 21. Bxb5 Qc7 22. Kf2 Nh5 23. Bh2 Bf4 24. Qe4 Bxh2 25. Qe8+ Rxe8 0-1

[Event "Campionato Provinciale di Modena 2022"]
[Site "Modena ITA"]
[Date "2021.12.19"]
[Round "4.11"]
[White "Gucciardo, Salvatore"]
[Black "Rubini, Alessandro"]
[Result "1-0"]
[WhiteElo "1590"]
[BlackElo "1222"]
[EventDate "2021.12.17"]
[Plycount "79"]

1. d4 Nf6 2. Nf3 c5 3. c3 cxd4 4. cxd4 g6 5. Nc3 Bg7 6. e4 d6 7. Be2 O-O 8. O-O Nbd7 9. Re1 e5 10. d5 a6 11. a4 Nc5 12. Nd2 Ne8 13. b4 Nd7 14. Nc4 f5 15. Ba3 Ndf6 16. exf5 gxf5 17. b5 e4 18. Qb3 Rf7 19. Rac1 Bf8 20. bxa6 bxa6 21. Nb6 Rb8 22. a5 Nd7 23. Nca4 Nxb6 24. Nxb6 Bb7 25. Bh5 Rg7 26. Bxe8 Qxe8 27. Bb2 Rg5 28. Rc7 Qg6 29. g3 f4 30. Qc3 Bg7 31. Rxg7+ Qxg7 32. Qxg7+ Rxg7 33. Bxg7 Kxg7 34. Rxe4 fxg3 35. hxg3 Kf6 36. Re6+ Kf7 37. Rxd6 Ke7 38. Rh6 Kf8 39. Nd7+ 1-0

[Event "Campionato Provinciale di Modena 2022"]
[Site "Modena ITA"]
[Date "2021.12.19"]
[Round "4.12"]
[White "Vaccari, Marco"]
[Black "Ansaloni, Luca"]
[Result "1-0"]
[WhiteElo "1485"]
[BlackElo "999"]
[EventDate "2021.12.17"]
[Plycount "59"]

1. e4 e5 2. Nf3 Nc6 3. d4 exd4 4. Nxd4 Bc5 5. Nb3 Bb6 6. Nc3 d6 7. Qe2 Nf6 8. h3 Be6 9. Be3 O-O 10. O-O-O Bxb3 11. cxb3 Qe7 12. g4 Bxe3+ 13. Qxe3 Rfe8 14. f3 a5 15. Rg1 Reb8 16. g5 Nd7 17. Nd5 Qd8 18. h4 Ne7 19. Nf6+ Nxf6 20. gxf6 Ng6 21. h5 Qxf6 22. hxg6 fxg6 23. Bc4+ Kf8 24. Rg4 Ke7 25. e5 dxe5 26. Re4 Rd8 27. Rxe5+ Kf8 28. Re1 Qxe5 29. Qxe5 Rd6 30. Qe7# 1-0

[Event "Campionato Provinciale di Modena 2022"]
[Site "Modena ITA"]
[Date "2021.12.19"]
[Round "4.13"]
[White "Bruni, Alessandro"]
[Black "Chiavetta, Giuseppe"]
[Result "1-0"]
[WhiteElo "1368"]
[BlackElo "999"]
[EventDate "2021.12.17"]
[Plycount "39"]

1. e4 e6 2. d4 d5 3. e5 c5 4. c3 Nc6 5. Bb5 Bd7 6. Bxc6 Bxc6 7. Nf3 Qb6 8. O-O Be7 9. Nbd2 Nh6 10. Nb3 Ba4 11. dxc5 Bxc5 12. Bxh6 gxh6 13. Qd2 Bf8 14. Nbd4 Bc5 15. Qxh6 Qxb2 16. Rfc1 Bf8 17. Qf6 Rg8 18. Qh4 Rc8 19. Nxe6 Rxc3 20. Qd8# 1-0

[Event "Campionato Provinciale di Modena 2022"]
[Site "Modena ITA"]
[Date "2021.12.19"]
[Round "4.14"]
[White "Vaccari, Luigi"]
[Black "Shahaj, Hiqmet"]
[Result "0-1"]
[WhiteElo "1296"]
[BlackElo "999"]
[EventDate "2021.12.17"]
[Plycount "59"]

1. e4 e5 2. Nf3 Nc6 3. d4 exd4 4. Nxd4 Bc5 5. Nb3 Bb6 6. Nc3 a5 7. a4 d6 8. Bb5 Qh4 9. Qe2 Nf6 10. Be3 Bg4 11. Qd2 Bxe3 12. Qxe3 O-O 13. O-O Nb4 14. Rac1 c6 15. Be2 Rfe8 16. f3 Bh5 17. Qf2 Qg5 18. Nd4 Bg6 19. Bc4 Rad8 20. Na2 d5 21. exd5 Nbxd5 22. Rcd1 Nf4 23. Nc3 Nh3+ 24. Kh1 Nxf2+ 25. Rxf2 Rxd4 26. Rxd4 Qe3 27. Rdd2 Qc5 28. b3 Qxc4 29. Rd8 Qxc3 30. Rfd2 0-1

[Event "Campionato Provinciale di Modena 2022"]
[Site "Modena ITA"]
[Date "2021.12.19"]
[Round "4.15"]
[White "Garofalo, Sergio"]
[Black "Bertesi, Andrea"]
[Result "1-0"]
[WhiteElo "1580"]
[BlackElo "1386"]
[EventDate "2021.12.17"]
[Plycount "109"]

1. d4 d5 2. Nf3 Nf6 3. Nbd2 c5 4. e3 e6 5. b3 Nc6 6. Bb2 Bd6 7. Bd3 b6 8. a3 Bb7 9. Qe2 O-O 10. Ne5 Qc7 11. f4 cxd4 12. exd4 Ne7 13. O-O Rfe8 14. g4 g6 15. Rf2 Kf8 16. Raf1 Neg8 17. f5 exf5 18. gxf5 Bxe5 19. dxe5 Rad8 20. fxg6 hxg6 21. Rxf6 Nxf6 22. Rxf6 Qc5+ 23. Rf2 d4 24. b4 Qc6 25. Be4 Qd7 26. Bxb7 Qxb7 27. e6 f5 28. Qe5 Qg7 29. Qxg7+ Kxg7 30. Nf3 Rxe6 31. Bxd4+ Kh6 32. h4 Kh5 33. Rg2 Red6 34. Rg5+ Kh6 35. c3 f4 36. Ne5 Rf8 37. Ng4+ Kh7 38. h5 Rf5 39. hxg6+ Rxg6 40. Rxg6 Kxg6 41. Kf2 Kg5 42. Kf3 Rf7 43. a4 Rh7 44. Nf2 Kf5 45. c4 Rd7 46. Bc3 Rc7 47. Ne4 Rd7 48. Nf2 Rc7 49. c5 bxc5 50. b5 Re7 51. Bd2 c4 52. Bxf4 Rd7 53. a5 Rb7 54. Ne4 a6 55. Nd6+ 1-0

[Event "Campionato Provinciale di Modena 2022"]
[Site "Modena ITA"]
[Date "2021.12.19"]
[Round "4.16"]
[White "Rioli, Andrea"]
[Black "Visentini, Alberto"]
[Result "1-0"]
[WhiteElo "999"]
[BlackElo "1350"]
[EventDate "2021.12.17"]
[Plycount "93"]

1. e4 e6 2. d4 d5 3. e5 c5 4. Nf3 Qb6 5. Nc3 Bd7 6. Be2 cxd4 7. Nxd4 Bc5 8. Be3 Qxb2 9. Ncb5 Bxb5 10. Nxb5 Bxe3 11. Nc7+ Kd8 12. Nxa8 Qc3+ 13. Kf1 Bd4 14. Rb1 Bxe5 15. Rxb7 Nd7 16. Bb5 Ngf6 17. Rxa7 Bd4 18. Rb7 Kc8 19. Ba6 Kd8 20. h4 Qa1 21. Qxa1 Bxa1 22. Rh3 Ke7 23. Nb6 Kd6 24. Bb5 Nc5 25. Rxf7 Rg8 26. a4 Bd4 27. a5 Nfe4 28. a6 Nxa6 29. Rd7+ Ke5 30. Bxa6 Bxb6 31. Bd3 Nxf2 32. Rg3 Rf8 33. Rg5+ Kd4 34. Ke2 Ne4 35. Bxe4 Kxe4 36. Rg4+ Ke5 37. Rdxg7 Rf2+ 38. Kd3 Ba5 39. R7g5+ Kd6 40. Ra4 Rd2+ 41. Ke3 Bc3 42. Ra6+ Ke7 43. Rg7+ Kf6 44. Rxh7 Rxc2 45. Rh6+ Kf5 46. Rhxe6 Bd2+ 47. Kd3 1-0

[Event "Campionato Provinciale di Modena 2022"]
[Site "Modena ITA"]
[Date "2021.12.19"]
[Round "4.17"]
[White "Cadioli, Enrico Maria"]
[Black "Marseglia, Serena"]
[Result "0-1"]
[WhiteElo "999"]
[BlackElo "1190"]
[EventDate "2021.12.17"]
[Plycount "96"]

1. e4 c5 2. Nc3 Nc6 3. Bc4 d6 4. a3 Nf6 5. d3 Bd7 6. Nf3 e6 7. Be3 Be7 8. d4 cxd4 9. Bxd4 Nxd4 10. Nxd4 O-O 11. b4 Rc8 12. Qd3 Qc7 13. Bb5 Qxc3+ 14. Ke2 Qxd3+ 15. Bxd3 e5 16. Nf5 Bxf5 17. exf5 g6 18. c4 Nh5 19. g3 Bf6 20. Rac1 Bg5 21. Rc2 Ng7 22. fxg6 fxg6 23. h4 Bd8 24. c5 dxc5 25. bxc5 Nf5 26. Bc4+ Kg7 27. Be6 Nd4+ 28. Kd3 Nxe6 29. Kd2 Rxf2+ 30. Kc1 Rxc2+ 31. Kxc2 Rxc5+ 32. Kd3 Rd5+ 33. Ke4 Ra5 34. Ra1 Nc5+ 35. Ke3 Bb6 36. Ke2 e4 37. Rb1 Rxa3 38. Rd1 Ra2+ 39. Ke3 Na4+ 40. Kf4 Bc7+ 41. Ke3 Bxg3 42. Rd7+ Kh6 43. Rxb7 Nc3 44. Rb3 Rf2 45. Rxc3 Rf3+ 46. Kd4 Rxc3 47. Kxc3 Bxh4 48. Kd4 a5 0-1

[Event "Campionato Provinciale di Modena 2022"]
[Site "Modena ITA"]
[Date "2021.12.19"]
[Round "5.1"]
[White "Vincenzi, Marco"]
[Black "Giuntini, Enrico"]
[Result "1-0"]
[WhiteElo "1954"]
[BlackElo "1986"]
[EventDate "2021.12.17"]
[Plycount "97"]

1. e4 c5 2. Nf3 e6 3. d4 cxd4 4. Nxd4 Nc6 5. Nc3 Qc7 6. Be3 Nf6 7. Bd3 Be7 8. O-O a6 9. Nxc6 dxc6 10. f4 e5 11. f5 h5 12. Kh1 b5 13. Bg5 Ng4 14. Bxe7 Qxe7 15. Qe1 h4 16. Nd1 Bb7 17. a4 Rd8 18. b4 Rd4 19. Qe2 Nf6 20. c3 Rd6 21. Nf2 Nh5 22. Nh3 Bc8 23. c4 Qd8 24. Rfd1 bxa4 25. Rxa4 g5 26. Ra5 f6 27. Bc2 Rd4 28. Raa1 c5 29. bxc5 Bb7 30. Ba4+ Ke7 31. c6 Ba8 32. Rxd4 exd4 33. e5 Qc8 34. Re1 Qxf5 35. exf6+ Kf7 36. Qe7+ Kg6 37. f7 d3 38. Qe8 Kg7 39. Qd7 Qxd7 40. cxd7 Nf6 41. Re8 Nxd7 42. Rxh8 Kxh8 43. Bxd7 Kg7 44. Nxg5 d2 45. Ba4 h3 46. Nxh3 Bc6 47. Bd1 Kxf7 48. Ng5+ Kf6 49. Nf3 1-0

[Event "Campionato Provinciale di Modena 2022"]
[Site "Modena ITA"]
[Date "2021.12.19"]
[Round "5.2"]
[White "Modena, Giorgio"]
[Black "Piccirillo, Edoardo"]
[Result "0-1"]
[WhiteElo "1837"]
[BlackElo "2107"]
[EventDate "2021.12.17"]
[Plycount "68"]

1. e4 d5 2. exd5 Nf6 3. d4 Bg4 4. Be2 Bxe2 5. Qxe2 Qxd5 6. Nf3 e6 7. O-O Nc6 8. c3 Bd6 9. Re1 Qh5 10. h3 O-O-O 11. Nbd2 Rhe8 12. Ne4 Nxe4 13. Qxe4 f5 14. Qe2 h6 15. Nh2 Qf7 16. f4 Qg6 17. Qf2 Qf6 18. Nf3 Rg8 19. b4 Ne7 20. a3 Nd5 21. c4 Nxf4 22. Bxf4 Bxf4 23. d5 Kb8 24. dxe6 g5 25. e7 Rde8 26. Qe2 g4 27. hxg4 fxg4 28. Ne5 Qh4 29. Nd7+ Ka8 30. Qe4 Bh2+ 31. Kf1 Bg3 32. Nc5 Qf6+ 33. Kg1 Bf2+ 34. Kf1 Bxc5+ 0-1

[Event "Campionato Provinciale di Modena 2022"]
[Site "Modena ITA"]
[Date "2021.12.19"]
[Round "5.3"]
[White "Covello, Danilo"]
[Black "Sacchetti, Andrea"]
[Result "1-0"]
[WhiteElo "2070"]
[BlackElo "1831"]
[EventDate "2021.12.17"]
[Plycount "75"]

1. d4 Nf6 2. Bg5 e6 3. Nf3 Be7 4. e3 b6 5. Bd3 Bb7 6. Nbd2 d6 7. O-O O-O 8. Qe2 Nbd7 9. e4 h6 10. Bh4 Re8 11. c3 Nh5 12. Bxe7 Qxe7 13. g3 Nhf6 14. Nh4 c5 15. f4 cxd4 16. cxd4 e5 17. Nf5 Qf8 18. fxe5 dxe5 19. Nc4 exd4 20. Ncd6 Nc5 21. Nxh6+ gxh6 22. Rxf6 Re6 23. Rxe6 fxe6 24. Nxb7 Nxb7 25. Qg4+ Kh8 26. Rf1 Qg8 27. Qh3 Qg5 28. Qxe6 Nc5 29. Qc6 Rd8 30. Rf5 Qg7 31. Rf6 Kh7 32. e5+ Nxd3 33. Qe4+ Kh8 34. Qxd3 Qg5 35. h4 Qxe5 36. Rxh6+ Kg8 37. Qh7+ Kf8 38. Qh8+ 1-0

[Event "Campionato Provinciale di Modena 2022"]
[Site "Modena ITA"]
[Date "2021.12.19"]
[Round "5.4"]
[White "Lamartina, Davide Mariano"]
[Black "Mammi, Samuele"]
[Result "1/2-1/2"]
[WhiteElo "1910"]
[BlackElo "1923"]
[EventDate "2021.12.17"]
[Plycount "92"]

1. e4 c6 2. d4 d5 3. exd5 Qxd5 4. Nc3 Qa5 5. Nf3 Bf5 6. Bd3 Bxd3 7. Qxd3 Nf6 8. O-O e6 9. Bf4 Be7 10. Rfe1 Nbd7 11. Rad1 O-O 12. Ne5 Rad8 13. Nc4 Qh5 14. Nd6 b5 15. a3 Nb6 16. Nf5 Bc5 17. Re5 exf5 18. Rxc5 Nfd5 19. Nxd5 Nxd5 20. Bc1 Qg6 21. b3 Rfe8 22. c4 bxc4 23. bxc4 Nb6 24. h3 Re4 25. d5 cxd5 26. cxd5 h6 27. d6 Qe6 28. Qf3 Rxd6 29. Rxd6 Qxd6 30. Be3 g6 31. g4 Re5 32. Rxe5 Qxe5 33. gxf5 Qxf5 34. Qxf5 gxf5 35. Bxh6 Kh7 36. Be3 Nc4 37. Bc5 Kg6 38. Kg2 Kg5 39. Kf3 a6 40. Be7+ f6 41. h4+ Kxh4 42. Kf4 Kh3 43. Kxf5 Kg2 44. Bc5 Nxa3 45. Kxf6 Kf3 46. Bxa3 Kxf2 1/2-1/2

[Event "Campionato Provinciale di Modena 2022"]
[Site "Modena ITA"]
[Date "2021.12.19"]
[Round "5.5"]
[White "Cavedoni, Enrico"]
[Black "Magagnini, Vincenzo"]
[Result "0-1"]
[WhiteElo "999"]
[BlackElo "1900"]
[EventDate "2021.12.17"]
[Plycount "74"]

1. e4 c5 2. Nf3 d6 3. d4 cxd4 4. Nxd4 Nf6 5. Nc3 a6 6. Bc4 e6 7. O-O Be7 8. f4 b5 9. Bd3 Bb7 10. Qf3 Nbd7 11. a3 O-O 12. Kh1 g6 13. Nde2 Rc8 14. Ng3 Qc7 15. Be3 Ne8 16. Qe2 f5 17. exf5 exf5 18. Bd4 Bf6 19. Bxf6 Nexf6 20. Qd2 h5 21. Rfe1 h4 22. Nxf5 gxf5 23. Bxf5 Rce8 24. Be6+ Kh8 25. Qf2 Re7 26. Qxh4+ Rh7 27. Qf2 Qc5 28. Qe2 Qd4 29. Qe3 Qxe3 30. Rxe3 Nc5 31. f5 Ng4 32. Rg3 Rxh2+ 33. Kg1 Rh4 34. Rd1 Nxe6 35. fxe6 Rf6 36. Rd4 Rh1+ 37. Kxh1 Rf1# 0-1

[Event "Campionato Provinciale di Modena 2022"]
[Site "Modena ITA"]
[Date "2021.12.19"]
[Round "5.6"]
[White "Lugli, Andrea"]
[Black "Boasso, Andrea"]
[Result "1-0"]
[WhiteElo "1714"]
[BlackElo "1657"]
[EventDate "2021.12.17"]
[Plycount "87"]

1. d4 f5 2. Nf3 Nf6 3. Bf4 e6 4. h3 b6 5. e3 Bb7 6. Nbd2 Be7 7. Bd3 O-O 8. c3 Kh8 9. Qc2 d5 10. Ng5 Bc8 11. Ngf3 Bd6 12. Ne5 Ne4 13. h4 Bb7 14. h5 Nd7 15. Ndf3 Nxe5 16. Nxe5 c5 17. Qe2 Bxe5 18. Bxe5 cxd4 19. cxd4 Kg8 20. f3 Nf6 21. O-O-O Rc8+ 22. Kb1 Qe7 23. Rdg1 Nd7 24. g4 Nxe5 25. dxe5 f4 26. g5 fxe3 27. Qxe3 d4 28. Qd2 Rxf3 29. Rh2 Rcf8 30. Qc2 Be4 31. Rd2 Bxd3 32. Rxd3 Rf1+ 33. Rd1 R1f2 34. Qc4 d3 35. Rxd3 Rf1+ 36. Rd1 R1f5 37. Qc6 Rxe5 38. Rd7 Qc5 39. Qxc5 Rxc5 40. Rxa7 Re8 41. h6 g6 42. a3 e5 43. Rf1 Rd8 44. Rg7+ 1-0

[Event "Campionato Provinciale di Modena 2022"]
[Site "Modena ITA"]
[Date "2021.12.19"]
[Round "5.7"]
[White "Coloretti, Elia"]
[Black "Vaccari, Marco"]
[Result "1-0"]
[WhiteElo "1671"]
[BlackElo "1485"]
[EventDate "2021.12.17"]
[Plycount "107"]

1. e4 c5 2. Nf3 d6 3. d4 cxd4 4. Nxd4 Nf6 5. Bb5+ Nbd7 6. f3 a6 7. Ba4 b5 8. Bb3 e6 9. Be3 Bb7 10. a4 Nc5 11. axb5 Nxb3 12. Nxb3 axb5 13. Rxa8 Bxa8 14. Qd3 Bc6 15. Nd4 Qd7 16. Nxc6 Qxc6 17. Nc3 b4 18. Qb5 Qxb5 19. Nxb5 e5 20. Ke2 Kd7 21. Rd1 Kc6 22. Na7+ Kb7 23. Nb5 Kc6 24. c4 bxc3 25. Nxc3 Be7 26. Ra1 Rb8 27. Ra6+ Kc7 28. Ra7+ Rb7 29. Nd5+ Nxd5 30. exd5 Rxa7 31. Bxa7 Bg5 32. Kd3 Kb7 33. Bf2 Ka6 34. Kc4 f5 35. h4 Bd2 36. h5 Ka5 37. g4 g6 38. gxf5 gxf5 39. Bh4 Bb4 40. b3 Bc5 41. Be7 e4 42. fxe4 fxe4 43. Bd8+ Ka6 44. b4 Be3 45. Bc7 Bf4 46. b5+ Kb7 47. Bd8 Be3 48. Ba5 Bf2 49. Bb4 Kc7 50. Ba3 Bb6 51. Bb2 Bc5 52. Bd4 e3 53. Bxc5 dxc5 54. Kd3 1-0

[Event "Campionato Provinciale di Modena 2022"]
[Site "Modena ITA"]
[Date "2021.12.19"]
[Round "5.8"]
[White "Togni, Alessandro"]
[Black "Mammi, Ottavio"]
[Result "0-1"]
[WhiteElo "1100"]
[BlackElo "1655"]
[EventDate "2021.12.17"]
[Plycount "84"]

1. e4 c5 2. c3 Nf6 3. e5 Nd5 4. d4 cxd4 5. Nf3 e6 6. cxd4 Nc6 7. Bc4 Nb6 8. Bb3 d6 9. O-O dxe5 10. dxe5 Nd7 11. Re1 Be7 12. Nc3 O-O 13. Bf4 b6 14. Nb5 Ba6 15. Nd6 Nc5 16. Bc2 Nb4 17. Ba4 Nbd3 18. Bc6 Rb8 19. Bg3 Nxe1 20. Qxe1 Qc7 21. Be4 Nxe4 22. Qxe4 Bb7 23. Nxb7 Qxb7 24. Qg4 Rfd8 25. h4 Qd5 26. Bf4 Qe4 27. Re1 Qg6 28. Qh3 h5 29. Kh2 Qg4 30. Rg1 Qxh3+ 31. Kxh3 Rbc8 32. g4 hxg4+ 33. Rxg4 Rd3 34. Kg2 Kh7 35. Ng5+ Bxg5 36. Bxg5 Rc2 37. b4 Rxa2 38. h5 Rd5 39. h6 g6 40. Bf6 Re2 41. Rc4 Rdxe5 42. Rc7 Rxf2+ 0-1

[Event "Campionato Provinciale di Modena 2022"]
[Site "Modena ITA"]
[Date "2021.12.19"]
[Round "5.9"]
[White "Terrone, Damiano"]
[Black "Bruni, Alessandro"]
[Result "1-0"]
[WhiteElo "1648"]
[BlackElo "1368"]
[EventDate "2021.12.17"]
[Plycount "61"]

1. c4 e5 2. g3 Nf6 3. Bg2 c6 4. d4 Bb4+ 5. Nc3 e4 6. a3 Bxc3+ 7. bxc3 d5 8. cxd5 cxd5 9. e3 O-O 10. Ne2 Bg4 11. O-O Nc6 12. Qc2 Na5 13. f3 exf3 14. Bxf3 Bxf3 15. Rxf3 Ne4 16. c4 Nxc4 17. Nc3 Nf6 18. Qd3 Qd7 19. Rxf6 gxf6 20. e4 Qh3 21. Nxd5 Nb6 22. Nxf6+ Kg7 23. e5 Rfd8 24. Bd2 Rac8 25. Rf1 Nc4 26. Bf4 Nb2 27. Qe4 Rc6 28. Be3 Rdc8 29. Qf3 Rc2 30. Nh5+ Kg6 31. Qxf7# 1-0

[Event "Campionato Provinciale di Modena 2022"]
[Site "Modena ITA"]
[Date "2021.12.19"]
[Round "5.10"]
[White "Shahaj, Hiqmet"]
[Black "Gucciardo, Salvatore"]
[Result "0-1"]
[WhiteElo "999"]
[BlackElo "1590"]
[EventDate "2021.12.17"]
[Plycount "106"]

1. d4 Nf6 2. Nc3 d5 3. e4 dxe4 4. Qe2 Nc6 5. Be3 Nxd4 6. Bxd4 Qxd4 7. Rd1 Qb6 8. Qb5+ c6 9. Qxb6 axb6 10. Nge2 e5 11. a3 e3 12. f3 b5 13. Na2 Be6 14. Nec3 Bc5 15. Be2 Ke7 16. O-O Rhd8 17. Nc1 Rxd1 18. Rxd1 Rd8 19. Kf1 Rxd1+ 20. Nxd1 Bb6 21. Bd3 Nd5 22. g3 f5 23. Ke2 g6 24. b3 f4 25. c4 bxc4 26. bxc4 Nc7 27. Nb3 Bf5 28. Nc3 Bxd3+ 29. Kxd3 Ne6 30. a4 Nc5+ 31. Nxc5 Bxc5 32. g4 Ke6 33. Ne4 Be7 34. Nc3 h5 35. h3 hxg4 36. hxg4 Kd6 37. Ne4+ Kc7 38. Nc3 Kb6 39. Ne4 Ka5 40. c5 b5 41. cxb6 Kxb6 42. Nc3 Ka5 43. Kc4 Bb4 44. Ne2 Kxa4 45. Nc1 Bd2 46. Ne2 Ka3 47. Kd3 Kb2 48. Ke4 Kc2 49. Kxe5 Kd1 50. Nxf4 e2 51. Ng2 g5 52. Kd6 e1=Q 53. Nxe1 Kxe1 0-1

[Event "Campionato Provinciale di Modena 2022"]
[Site "Modena ITA"]
[Date "2021.12.19"]
[Round "5.11"]
[White "Rioli, Andrea"]
[Black "Garofalo, Sergio"]
[Result "0-1"]
[WhiteElo "999"]
[BlackElo "1580"]
[EventDate "2021.12.17"]
[Plycount "52"]

1. e4 e5 2. Nf3 Nc6 3. Bc4 Nf6 4. Nc3 Bc5 5. O-O O-O 6. d3 h6 7. a3 a5 8. h3 d6 9. Nb5 Be6 10. Bxe6 fxe6 11. Be3 Bxe3 12. fxe3 Nb8 13. Qe1 c6 14. Nc3 Nbd7 15. d4 exd4 16. exd4 e5 17. d5 Nh5 18. Nh4 Rxf1+ 19. Kxf1 Qb6 20. Ng6 Kh7 21. Qh4 Kxg6 22. Qg4+ Kh7 23. Qxh5 Rf8+ 24. Ke2 Qf2+ 25. Kd3 Nc5+ 26. Kc4 Qd4# 0-1

[Event "Campionato Provinciale di Modena 2022"]
[Site "Modena ITA"]
[Date "2021.12.19"]
[Round "5.12"]
[White "Marseglia, Serena"]
[Black "Maran, Walter"]
[Result "0-1"]
[WhiteElo "1190"]
[BlackElo "1614"]
[EventDate "2021.12.17"]
[Plycount "60"]

1. e4 e6 2. d4 d5 3. Nc3 Nf6 4. e5 Nfd7 5. f4 c5 6. Nf3 Nc6 7. Be3 a6 8. Qd2 b5 9. a3 Bb7 10. g4 cxd4 11. Nxd4 Qh4+ 12. Bf2 Nxd4 13. Bxh4 Nf3+ 14. Ke2 Nxd2 15. Kxd2 d4 16. Nxb5 axb5 17. Rg1 Bc5 18. Bxb5 Rc8 19. Rad1 Bc6 20. Bd3 O-O 21. f5 Nxe5 22. Be2 d3 23. fxe6 dxe2 24. exf7+ Rxf7 25. Kxe2 Bf3+ 26. Ke1 Bxd1 27. Rg2 Rd7 28. Bg3 Re8 29. Kf1 Nf3 30. Bf2 Be2# 0-1